[Event "DEM U12/U12w 2015"]
[Site "Willingen GER"]
[Date "2015.05.30"]
[Round "11"]
[White "Wu, Leon"]
[Black "Zimmer, Raphael"]
[Result "0-1"]
[Termination "normal"]
[Board "10"]
[WhiteElo "1574"]
[BlackElo "1977"]
[PlyCount "106"]
[WhiteFideId "12977438"]
[BlackFideId "12978841"]
[EventCountry "GER"]
[EventRounds "11"]
[EventType "swiss"]
[EventDate "2015.05.23"]

1. e4 e5 2. Nf3 Nc6 3. Bb5 a6 4. Bxc6 dxc6 5. O-O f6 6. d4 exd4 7. Nxd4 c5 8.
Nb3 Qxd1 9. Rxd1 Bg4 10. f3 Be6 11. Be3 b6 12. Nc3 Bd6 13. Nd5 Bxd5 14. Rxd5
Ne7 15. Rdd1 c4 16. Nd4 Kf7 17. Kf2 Rhe8 18. g3 Rad8 19. Rd2 Bc5 20. Rad1 Rd6
21. Ne2 Bxe3+ 22. Kxe3 Nf5+ 23. Kf2 Red8 24. Rxd6 Nxd6 25. Nc3 b5 26. Ke2 c6
27. Rd2 Ke7 28. Nd1 Nf7 29. Rxd8 Nxd8 30. Ke3 Ne6 31. Nc3 Kd6 32. f4 a5 33. Ne2
Nc7 34. Nd4 g6 35. g4 c5 36. Ne2 Ne6 37. f5 Nc7 38. fxg6 hxg6 39. h4 Ne6 40.
Nf4 Nf8 41. h5 gxh5 42. gxh5 Nh7 43. Ng6 a4 44. a3 Ke6 45. Kf4 c3 46. Ke3 cxb2
47. Nf4+ Kf7 48. Kd2 b1=Q 49. Nd3 c4 50. Nb4 Qb2 51. Nd5 Qd4+ 52. Kc1 c3 53.
Nb4 Qg1# 0-1

[Event "DEM U12/U12w 2015"]
[Site "Willingen GER"]
[Date "2015.05.30"]
[Round "11"]
[White "Suvorov, Luca"]
[Black "Asadzade, Idris"]
[Result "1-0"]
[Termination "normal"]
[Board "11"]
[WhiteElo "1832"]
[BlackElo "1746"]
[PlyCount "70"]
[WhiteFideId "12977071"]
[BlackFideId "12997285"]
[EventCountry "GER"]
[EventRounds "11"]
[EventType "swiss"]
[EventDate "2015.05.23"]

1. d4 Nf6 2. c4 c5 3. d5 b5 4. Qc2 bxc4 5. e4 d6 6. Bxc4 g6 7. Nc3 Bg7 8. h3
O-O 9. Nf3 Ba6 10. Bxa6 Nxa6 11. Qe2 Qb6 12. O-O Nc7 13. Re1 Qa6 14. Bf4 Qxe2
15. Rxe2 Rad8 16. Rd1 Rfe8 17. g4 Nd7 18. Na4 Na6 19. e5 dxe5 20. Bxe5 Nb6 21.
Nxb6 axb6 22. a3 Nb8 23. Bc7 Rd7 24. Bxb6 Na6 25. Ne5 Bxe5 26. Rxe5 Rb8 27. Ba5
Rxb2 28. Re3 Rb5 29. Bc3 f6 30. Ba1 c4 31. d6 Rxd6 32. Rxd6 exd6 33. Bxf6 Kf7
34. g5 Rb7 35. Kf1 d5 1-0

[Event "DEM U12/U12w 2015"]
[Site "Willingen GER"]
[Date "2015.05.30"]
[Round "11"]
[White "Henning, Marvin"]
[Black "Grabbel, Lennart"]
[Result "1-0"]
[Termination "normal"]
[Board "12"]
[WhiteElo "1791"]
[BlackElo "1584"]
[PlyCount "117"]
[WhiteFideId "12957399"]
[BlackFideId "16201620"]
[EventCountry "GER"]
[EventRounds "11"]
[EventType "swiss"]
[EventDate "2015.05.23"]

1. e4 c5 2. Nc3 a6 3. g3 b5 4. Bg2 Bb7 5. d3 e6 6. f4 d5 7. Bd2 b4 8. Na4 dxe4
9. dxe4 Qa5 10. b3 g6 11. Qe2 Nc6 12. Nf3 Bg7 13. e5 h5 14. Qc4 Bf8 15. O-O Nh6
16. Ng5 Nf5 17. Ne4 Rc8 18. Nf6+ Kd8 19. Rad1 Nfd4 20. c3 bxc3 21. Bxc3 Qb5 22.
Bxd4 Qxc4 23. Bxc5+ Qd5 24. Bxd5 exd5 25. Rxd5+ Kc7 26. Rd7+ Kb8 27. Rxf7 Bxc5+
28. Nxc5 Nd8 29. Rg7 Rh6 30. Rd1 Bc6 31. Nxa6+ Ka8 32. Nd5 Bxd5 33. Rxd5 Rh8
34. Nc7+ Kb7 35. Ne6+ Kc6 36. Rc5+ Kb6 37. Rxc8 Nxe6 38. Rxh8 Nxg7 39. Rg8 Nf5
40. Rxg6+ Kc7 41. Rg5 Nd4 42. Rxh5 Ne2+ 43. Kf2 Nc1 44. Rh6 Nxa2 45. Rd6 Nb4
46. h4 Nc6 47. Rxc6+ Kxc6 48. h5 Kb5 49. h6 Kb4 50. h7 Kxb3 51. h8=Q Kc4 52. e6
Kd5 53. e7 Kc4 54. Qd8 Kc5 55. e8=Q Kc4 56. Qed7 Kc5 57. Q8c8+ Kb6 58. Qdb7+
Ka5 59. Qca8# 1-0

[Event "DEM U12/U12w 2015"]
[Site "Willingen GER"]
[Date "2015.05.30"]
[Round "11"]
[White "Huber, Benedikt"]
[Black "Hinrichs, Paul"]
[Result "1-0"]
[Termination "normal"]
[Board "13"]
[WhiteElo "1729"]
[BlackElo "1641"]
[PlyCount "69"]
[WhiteFideId "12923583"]
[BlackFideId "12942545"]
[EventCountry "GER"]
[EventRounds "11"]
[EventType "swiss"]
[EventDate "2015.05.23"]

1. d4 d5 2. Nc3 Nf6 3. Bg5 Nbd7 4. e3 e6 5. f4 h6 6. Bh4 Be7 7. Bd3 a6 8. Nf3
c5 9. O-O O-O 10. h3 b5 11. a3 Bb7 12. g4 Ne4 13. Bxe7 Qxe7 14. Kh2 Rac8 15.
Qe1 Nxc3 16. bxc3 c4 17. Be2 f6 18. Qh4 Qd6 19. Kh1 e5 20. g5 hxg5 21. fxg5 e4
22. g6 Rfe8 23. Ng5 Qb6 24. Nf7 Kf8 25. Qh8+ Ke7 26. Qxg7 Rg8 27. Qh7 Kf8 28.
Nh6 Rg7 29. Qh8+ Ke7 30. Qxg7+ Kd8 31. Bg4 Kc7 32. Bxd7 Kb8 33. Bxc8 Bxc8 34.
Rxf6 Qb7 35. Qxb7+ 1-0

[Event "DEM U12/U12w 2015"]
[Site "Willingen GER"]
[Date "2015.05.30"]
[Round "11"]
[White "Longo, Massimo"]
[Black "Kopylov, Daniel"]
[Result "1/2-1/2"]
[Termination "normal"]
[Board "14"]
[WhiteElo "1628"]
[BlackElo "1812"]
[PlyCount "117"]
[WhiteFideId "16205227"]
[BlackFideId "12921971"]
[EventCountry "GER"]
[EventRounds "11"]
[EventType "swiss"]
[EventDate "2015.05.23"]

1. d4 d5 2. c4 e5 3. dxe5 d4 4. Nf3 Nc6 5. Nbd2 Nge7 6. Nb3 Nf5 7. a3 Be6 8. e4
dxe3 9. Qxd8+ Rxd8 10. Bxe3 Nxe3 11. fxe3 g6 12. Nbd4 Bg7 13. Nxc6 bxc6 14. Be2
O-O 15. O-O Bg4 16. Rad1 c5 17. Rd5 Rxd5 18. cxd5 Rb8 19. Rc1 Rxb2 20. Kf2 Bxf3
21. gxf3 Bxe5 22. Rxc5 Bd6 23. Ra5 Rb7 24. h3 Kg7 25. f4 h6 26. h4 h5 27. Bb5
Be7 28. Kg3 f5 29. a4 Bc5 30. Bc6 Bb4 31. Ra6 Be1+ 32. Kf3 Rb2 33. Rxa7 Bxh4
34. Rxc7+ Kh6 35. e4 Bd8 36. Rc8 Bb6 37. exf5 gxf5 38. Rh8+ Kg6 39. Be8+ Kf6
40. Rxh5 Rb3+ 41. Kg2 Rb2+ 42. Kf1 Rf2+ 43. Ke1 Rxf4 44. Rh6+ Ke7 45. Re6+ Kd8
46. Rxb6 Kxe8 47. a5 Ra4 48. a6 Kd7 49. Kf2 Ra3 50. Rf6 Kc7 51. Rc6+ Kd7 52.
Rh6 Kc7 53. Rg6 f4 54. Rh6 f3 55. Rg6 Ra5 56. Rc6+ Kd7 57. Kxf3 Rxd5 58. Rh6
Ra5 59. Ke4 1/2-1/2

[Event "DEM U12/U12w 2015"]
[Site "Willingen GER"]
[Date "2015.05.30"]
[Round "11"]
[White "Brückner, Alexander"]
[Black "Röhr, Tobias"]
[Result "0-1"]
[Termination "normal"]
[Board "15"]
[WhiteElo "1821"]
[BlackElo "1742"]
[PlyCount "74"]
[WhiteFideId "12952613"]
[BlackFideId "12963089"]
[EventCountry "GER"]
[EventRounds "11"]
[EventType "swiss"]
[EventDate "2015.05.23"]

1. d4 Nf6 2. Nf3 e6 3. g3 d5 4. c3 c5 5. Bg2 Nc6 6. Nbd2 b6 7. O-O Ba6 8. Re1
Rc8 9. b3 cxd4 10. Nxd4 Nxd4 11. cxd4 Bb4 12. Bb2 O-O 13. a3 Bd6 14. Rc1 Qd7
15. e3 Bb7 16. Qe2 Bc6 17. Bf1 Rc7 18. Rc3 Kh8 19. Qd3 Ng8 20. Nf3 f5 21. Rec1
Nf6 22. R3c2 Ne4 23. h4 h6 24. b4 Ba4 25. Rxc7 Bxc7 26. Qe2 g5 27. hxg5 hxg5
28. Nd2 Nxd2 29. Qxd2 f4 30. b5 fxg3 31. fxg3 Bxg3 32. Qb4 Qf7 33. Qd2 Bf2+ 34.
Kh2 Qf3 35. Bg2 Qg3+ 36. Kh1 Qh4+ 37. Bh3 Qxh3# 0-1

[Event "DEM U12/U12w 2015"]
[Site "Willingen GER"]
[Date "2015.05.30"]
[Round "11"]
[White "Köllner, Ruben Gideon"]
[Black "Roho, Kevin"]
[Result "1-0"]
[Termination "normal"]
[Board "16"]
[WhiteElo "1649"]
[BlackElo "1825"]
[PlyCount "93"]
[WhiteFideId "12993093"]
[BlackFideId "12973734"]
[EventCountry "GER"]
[EventRounds "11"]
[EventType "swiss"]
[EventDate "2015.05.23"]

1. d4 d5 2. Nf3 c6 3. e3 e6 4. c4 Bd6 5. Nc3 f5 6. g3 Nf6 7. Bg2 O-O 8. b3 Ne4
9. Bb2 Nd7 10. O-O Rf6 11. Ne2 Rh6 12. Ne5 Nxe5 13. dxe5 Bc5 14. Bd4 Bxd4 15.
Nxd4 Ng5 16. Nf3 Nxf3+ 17. Qxf3 g5 18. Qe2 Qc7 19. f4 g4 20. Rac1 Qb6 21. Qd2
Bd7 22. Qd4 Qxd4 23. exd4 Kf7 24. cxd5 exd5 25. Rc2 Ke6 26. Rfc1 Rg6 27. b4
Rgg8 28. Rc5 Rgc8 29. Kf2 a6 30. a4 b5 31. Ra1 Rcb8 32. Ke3 Rb6 33. axb5 Rxb5
34. Rxb5 cxb5 35. Rc1 Rc8 36. Rc5 Rxc5 37. dxc5 Bc6 38. Kd4 h6 39. h3 h5 40. h4
Bb7 41. c6 Bxc6 42. Kc5 Ba8 43. Kb6 Kd7 44. Kxa6 Ke6 45. Kxb5 d4 46. Bxa8 d3
47. Kc5 1-0

[Event "DEM U12/U12w 2015"]
[Site "Willingen GER"]
[Date "2015.05.30"]
[Round "11"]
[White "Bosselmann, Tom Linus"]
[Black "Wu, Luka"]
[Result "0-1"]
[Termination "normal"]
[Board "18"]
[WhiteElo "1720"]
[BlackElo "1580"]
[PlyCount "82"]
[WhiteFideId "12983845"]
[BlackFideId "12977420"]
[EventCountry "GER"]
[EventRounds "11"]
[EventType "swiss"]
[EventDate "2015.05.23"]

1. e4 e5 2. Nf3 Nc6 3. Bc4 Bc5 4. O-O Nf6 5. d4 Bxd4 6. Nxd4 Nxd4 7. Bg5 h6 8.
Bh4 d6 9. Nc3 Be6 10. Bxe6 fxe6 11. f4 Nc6 12. fxe5 Nxe5 13. Bxf6 gxf6 14. Qh5+
Kd7 15. Qh3 c6 16. Qh4 Rf8 17. Qxh6 Qe7 18. Rad1 Rf7 19. Na4 Kc7 20. Qd2 b6 21.
Qe2 b5 22. Nc3 Kb7 23. a4 a6 24. axb5 axb5 25. Ra1 Rff8 26. Qf2 Nd7 27. Qe2 Qg7
28. Rfd1 Qe7 29. Na2 Nc5 30. Nb4 Rxa1 31. Rxa1 Qh7 32. Qe3 Qxe4 33. Qa3 Na4 34.
g3 Rg8 35. b3 Qd4+ 36. Kh1 Ra8 37. Qc1 Qxb4 38. bxa4 Rxa4 39. Rb1 Qe4+ 40. Kg1
Ra2 41. Rb2 Qd4+ 0-1

[Event "DEM U12/U12w 2015"]
[Site "Willingen GER"]
[Date "2015.05.30"]
[Round "11"]
[White "Schneider, Edward"]
[Black "Lieberwirth, Kasimir"]
[Result "1-0"]
[Termination "normal"]
[Board "19"]
[WhiteElo "1395"]
[BlackElo "1638"]
[PlyCount "117"]
[WhiteFideId "16200870"]
[BlackFideId "12988146"]
[EventCountry "GER"]
[EventRounds "11"]
[EventType "swiss"]
[EventDate "2015.05.23"]

1. e4 c5 2. Nf3 Nc6 3. d4 cxd4 4. Nxd4 e5 5. Nb5 a6 6. Nd6+ Bxd6 7. Qxd6 Qe7 8.
Qxe7+ Ngxe7 9. c4 Nd4 10. Bd3 Nec6 11. Be3 d6 12. Nc3 Be6 13. O-O Nb4 14. Rfd1
Nxd3 15. Rxd3 Bxc4 16. Rd2 Nb5 17. Nxb5 Bxb5 18. Rxd6 O-O 19. f3 Rac8 20. Rad1
f6 21. Bb6 Rc2 22. R6d2 Rfc8 23. a3 Kf7 24. Ba5 Kg6 25. Bc3 Rxd2 26. Rxd2 Kg5
27. Kf2 Kg6 28. Kg3 Kf7 29. Kf2 Ke6 30. Ke3 g6 31. g3 Rc4 32. Rd1 Bc6 33. Re1
f5 34. Kd3 Bb5 35. Ke3 Bc6 36. Kd3 Bb5 37. exf5+ gxf5 38. Rxe5+ Kd6 39. Rxf5
Rc5+ 40. Ke4 Bd3+ 41. Kxd3 Rxf5 42. Ke4 Rd5 43. Bd4 Ke6 44. f4 h5 45. h3 Rd8
46. g4 hxg4 47. hxg4 Rg8 48. f5+ Kf7 49. Kf4 Rd8 50. Bc3 Rd5 51. g5 Rd1 52. g6+
Kf8 53. f6 Rf1+ 54. Ke5 Rf2 55. Bb4+ Kg8 56. f7+ Rxf7 57. gxf7+ Kxf7 58. Kd6
Ke8 59. Kc7 1-0

[Event "DEM U12/U12w 2015"]
[Site "Willingen GER"]
[Date "2015.05.30"]
[Round "11"]
[White "Heckmann, Till"]
[Black "Dietz, Florian"]
[Result "0-1"]
[Termination "normal"]
[Board "20"]
[WhiteElo "1527"]
[BlackElo "1844"]
[PlyCount "104"]
[WhiteFideId "12987093"]
[BlackFideId "12939897"]
[EventCountry "GER"]
[EventRounds "11"]
[EventType "swiss"]
[EventDate "2015.05.23"]

1. e4 c5 2. Nc3 Nc6 3. g3 g6 4. Bg2 Bg7 5. d3 d6 6. f4 e5 7. Nf3 Nge7 8. O-O
O-O 9. fxe5 dxe5 10. Be3 Nd4 11. Qd2 Nec6 12. Bh6 Nxf3+ 13. Bxf3 Nd4 14. Bxg7
Kxg7 15. Bg2 Be6 16. Nd5 f6 17. c3 Nc6 18. Qf2 b6 19. Rad1 Rb8 20. h3 Rb7 21.
g4 Rbf7 22. Qh4 h6 23. Qg3 Bc8 24. h4 Ne7 25. Ne3 Nc6 26. h5 g5 27. Nf5+ Kh7
28. Rd2 Rd7 29. Rf3 Ba6 30. Bf1 c4 31. Kh1 cxd3 32. Bxd3 Na5 33. Qh3 Rff7 34.
Qf1 Nc4 35. Rdf2 Nxb2 36. Bxa6 Rd1 37. Rxb2 Rxf1+ 38. Rxf1 Rd7 39. Ne3 Rd2 40.
Rxd2 Qxd2 41. Nd5 Qxa2 42. Nxf6+ Kg7 43. Bc8 Qc4 44. Ne8+ Kg8 45. Nf6+ Kf7 46.
Rf5 Qxc8 47. Nd5+ Kg7 48. Rf6 Qxg4 49. Rg6+ Kf7 50. Rf6+ Ke8 51. Nc7+ Kd7 52.
Nb5 Qd1+ 0-1

[Event "DEM U12/U12w 2015"]
[Site "Willingen GER"]
[Date "2015.05.30"]
[Round "11"]
[White "Merk, Daniel"]
[Black "Meric, Geoffrey"]
[Result "1/2-1/2"]
[Termination "normal"]
[Board "21"]
[WhiteElo "1799"]
[BlackElo "1476"]
[PlyCount "43"]
[WhiteFideId "12938386"]
[BlackFideId "26092891"]
[EventCountry "GER"]
[EventRounds "11"]
[EventType "swiss"]
[EventDate "2015.05.23"]

1. d4 Nf6 2. c4 g6 3. Nc3 Bg7 4. e4 d6 5. f3 O-O 6. Be3 Nc6 7. Nge2 a6 8. Qd2
e5 9. d5 Ne7 10. O-O-O Bd7 11. c5 Ne8 12. Kb1 f5 13. h3 Nf6 14. Nc1 f4 15. Bf2
g5 16. Be2 h5 17. g4 hxg4 18. hxg4 Kf7 19. Nb3 Rh8 20. Qe1 Ng6 21. Rxh8 Qxh8
22. Qh1 1/2-1/2

[Event "DEM U12/U12w 2015"]
[Site "Willingen GER"]
[Date "2015.05.30"]
[Round "11"]
[White "Gheng, Dominik"]
[Black "Rietschel, Tilo"]
[Result "0-1"]
[Termination "normal"]
[Board "22"]
[WhiteElo "1771"]
[BlackElo "1549"]
[PlyCount "132"]
[WhiteFideId "12906778"]
[BlackFideId "16208390"]
[EventCountry "GER"]
[EventRounds "11"]
[EventType "swiss"]
[EventDate "2015.05.23"]

1. e4 c5 2. Nf3 d6 3. d4 cxd4 4. Nxd4 Nf6 5. Nc3 g6 6. f4 Nc6 7. h3 Bg7 8. Be3
O-O 9. Qd2 Bd7 10. O-O-O Rc8 11. g4 Na5 12. e5 Ne8 13. Ndb5 Bc6 14. Rg1 Bf3 15.
exd6 Bxd1 16. d7 Rxc3 17. Nxc3 Bxc3 18. Qxc3 Bxg4 19. hxg4 Nf6 20. Bxa7 Nc6 21.
Bf2 Qxd7 22. g5 Ne4 23. Qe1 Nxf2 24. Qxf2 Rd8 25. Bc4 Qd4 26. Qf1 Nb4 27. Bb3
Qd2+ 28. Kb1 Rd4 29. f5 gxf5 30. c3 Rf4 31. Qb5 Qd3+ 32. Qxd3 Nxd3 33. Kc2 Nc5
34. Bd5 e6 35. Bb3 Rf2+ 36. Kb1 Nxb3 37. axb3 Kg7 38. c4 e5 39. b4 e4 40. Re1
f6 41. c5 Rd2 42. Ka2 fxg5 43. Kb3 Kf6 44. b5 Ke5 45. Kc3 Rd4 46. b4 f4 47. c6
bxc6 48. bxc6 Kd5 49. b5 Rc4+ 50. Kb3 Kc5 51. Rd1 Rb4+ 52. Ka3 Kxb5 53. Rc1
Ra4+ 54. Kb3 Ra8 55. c7 Rc8 56. Rc3 h5 57. Kc2 h4 58. Kd2 e3+ 59. Ke2 Kb6 60.
Kf3 Rxc7 61. Rb3+ Kc5 62. Rc3+ Kd6 63. Rd3+ Ke5 64. Rd1 Rc2 65. Re1 Kf5 66. Rg1
Rf2# 0-1

[Event "DEM U12/U12w 2015"]
[Site "Willingen GER"]
[Date "2015.05.30"]
[Round "11"]
[White "Rudolph, Eva"]
[Black "Schille, Hannes"]
[Result "0-1"]
[Termination "normal"]
[Board "23"]
[WhiteElo "1573"]
[BlackElo "1489"]
[PlyCount "108"]
[WhiteFideId "16200594"]
[BlackFideId "16206053"]
[EventCountry "GER"]
[EventRounds "11"]
[EventType "swiss"]
[EventDate "2015.05.23"]

1. e4 c5 2. d4 cxd4 3. Qxd4 Nc6 4. Qe3 a6 5. Nc3 e6 6. Bd2 b5 7. O-O-O Qc7 8.
f4 Bb7 9. Nf3 Rc8 10. Kb1 Na5 11. Ne1 Nc4 12. Bxc4 Qxc4 13. e5 Ne7 14. Bc1 Nd5
15. Nxd5 Bxd5 16. b3 Qc6 17. Qd3 Be4 18. Qd2 Be7 19. Rf1 Rc7 20. g4 Bh4 21. Nd3
Bf3 22. Nb4 Qb7 23. Ba3 Bxd1 24. Rxd1 Be7 25. c3 a5 26. Nc2 Bxa3 27. Nxa3 O-O
28. Kb2 Rd8 29. f5 Rc5 30. Qe3 Qc7 31. Re1 exf5 32. gxf5 Re8 33. Qf3 Rcxe5 34.
Rxe5 Qxe5 35. h3 b4 36. Nc4 bxc3+ 37. Qxc3 Qxc3+ 38. Kxc3 Re2 39. a3 Rh2 40.
Nxa5 Rxh3+ 41. Kb4 Rf3 42. Nc4 h5 43. a4 h4 44. Nd2 Rxf5 45. a5 h3 46. Ne4 Rf4
47. a6 h2 48. a7 h1=Q 49. a8=Q+ Kh7 50. Kc3 Qxe4 51. Qb8 Qd4+ 52. Kc2 Rf2+ 53.
Kc1 Qd2+ 54. Kb1 Qb2# 0-1

[Event "DEM U12/U12w 2015"]
[Site "Willingen GER"]
[Date "2015.05.30"]
[Round "11"]
[White "Khamenya, Vitalia"]
[Black "Grund, Sebastian"]
[Result "0-1"]
[Termination "normal"]
[Board "24"]
[WhiteElo "1570"]
[BlackElo "1810"]
[PlyCount "56"]
[WhiteFideId "12959260"]
[BlackFideId "12988626"]
[EventCountry "GER"]
[EventRounds "11"]
[EventType "swiss"]
[EventDate "2015.05.23"]

1. d4 Nf6 2. Nf3 g6 3. Nc3 c5 4. d5 d6 5. e4 Nbd7 6. Be2 Bg7 7. O-O O-O 8. Nd2
a6 9. a4 Rb8 10. f4 Qa5 11. Nc4 Qc7 12. Be3 b5 13. axb5 axb5 14. Na5 Bb7 15.
Bxb5 Ra8 16. Nxb7 Rxa1 17. Qxa1 Qxb7 18. Bc6 Qc8 19. Qa7 Qb8 20. Ra1 Qxb2 21.
Nd1 Qxc2 22. Bxd7 Nxd7 23. Rc1 Qxe4 24. Qxd7 Bd4 25. Qh3 Qxf4 26. Qf3 Qe5 27.
Rb1 Ra8 28. Bf2 Qe1# 0-1

[Event "DEM U12/U12w 2015"]
[Site "Willingen GER"]
[Date "2015.05.30"]
[Round "11"]
[White "Bui, Ngoc Han Julia"]
[Black "Kirsten, Annika"]
[Result "1-0"]
[Termination "normal"]
[Board "25"]
[WhiteElo "1596"]
[BlackElo "1267"]
[PlyCount "157"]
[WhiteFideId "12977055"]
[BlackFideId "12961124"]
[EventCountry "GER"]
[EventRounds "11"]
[EventType "swiss"]
[EventDate "2015.05.23"]

1. e4 c5 2. Nf3 a6 3. d4 cxd4 4. Nxd4 Nf6 5. f3 e5 6. Nb3 Bb4+ 7. c3 Be7 8. Be2
O-O 9. O-O d5 10. Qc2 Be6 11. Be3 Qc7 12. N1d2 Nc6 13. Rac1 Rac8 14. Bd3 dxe4
15. Nxe4 Nxe4 16. Bxe4 f5 17. Bd3 Na5 18. Nxa5 Qxa5 19. a3 Bd6 20. Bf2 Qc7 21.
Bg3 Qf7 22. Qe2 f4 23. Be1 Bc4 24. Bxc4 Qxc4 25. Qxc4+ Rxc4 26. Bf2 Bc5 27.
Rcd1 Bxf2+ 28. Rxf2 e4 29. fxe4 Rxe4 30. Rfd2 Rfe8 31. Rd7 R8e7 32. Rxe7 Rxe7
33. Kf2 Kf7 34. h4 Kf6 35. Kf3 Re3+ 36. Kxf4 Re2 37. Rd6+ Ke7 38. Rb6 Rxg2 39.
Rxb7+ Kf8 40. b3 Rh2 41. Kg3 Rd2 42. c4 Rd3+ 43. Kg4 Rd4+ 44. Kg5 Rd1 45. Kf4
Rd4+ 46. Kg3 Rd3+ 47. Kf4 Rd4+ 48. Kg5 Rd1 49. Kh5 Re1 50. a4 Kg8 51. Kg5 Rg1+
52. Kf5 Rf1+ 53. Ke6 Re1+ 54. Kd6 Rh1 55. c5 Rxh4 56. c6 Rh6+ 57. Kc5 Rh5+ 58.
Kb6 Rh6 59. Rd7 g5 60. Kc5 Rxc6+ 61. Kxc6 g4 62. Kd5 g3 63. Ke4 g2 64. Rd1 h5
65. Kf3 g1=Q 66. Rxg1+ Kf7 67. Rh1 Kg6 68. b4 Kg5 69. b5 h4 70. bxa6 h3 71.
Rxh3 Kf5 72. a7 Kg5 73. a8=Q Kf5 74. Rh5+ Kg6 75. Qd5 Kf6 76. Qe5+ Kg6 77. Qf5+
Kg7 78. Rg5+ Kh6 79. Qg6# 1-0

[Event "DEM U12/U12w 2015"]
[Site "Willingen GER"]
[Date "2015.05.30"]
[Round "11"]
[White "Popist, Florian"]
[Black "Brunner, Sophia"]
[Result "1-0"]
[Termination "normal"]
[Board "26"]
[WhiteElo "1422"]
[BlackElo "1553"]
[PlyCount "59"]
[WhiteFideId "16203518"]
[BlackFideId "12960683"]
[EventCountry "GER"]
[EventRounds "11"]
[EventType "swiss"]
[EventDate "2015.05.23"]

1. e4 d5 2. exd5 Qxd5 3. Nc3 Qa5 4. d4 Nf6 5. Nf3 Nc6 6. Bc4 Bg4 7. Bb5 O-O-O
8. Bxc6 bxc6 9. O-O e5 10. Qd3 exd4 11. Ne2 Bc5 12. Ng3 Rhe8 13. Ng5 h6 14.
Nxf7 Rd7 15. Nxh6 gxh6 16. Bxh6 Rh7 17. Bg5 Rf7 18. Qg6 Be6 19. Bxf6 Rff8 20.
Qh5 Bd7 21. Bxd4 Bf5 22. Bxc5 Qxc5 23. Nxf5 Qxf5 24. Qxf5+ Rxf5 25. Rae1 Rfe5
26. Rxe5 Rxe5 27. g4 Re2 28. g5 Rxc2 29. g6 Rc5 30. f4 1-0

[Event "DEM U12/U12w 2015"]
[Site "Willingen GER"]
[Date "2015.05.30"]
[Round "11"]
[White "Knüdel, Torben"]
[Black "Creß, Bastian"]
[Result "1-0"]
[Termination "normal"]
[Board "27"]
[WhiteElo "1553"]
[BlackElo "1387"]
[PlyCount "72"]
[WhiteFideId "16208820"]
[BlackFideId "16208846"]
[EventCountry "GER"]
[EventRounds "11"]
[EventType "swiss"]
[EventDate "2015.05.23"]

1. e4 e5 2. Nf3 Nc6 3. Bc4 Bc5 4. b4 Bxb4 5. c3 Ba5 6. d4 exd4 7. O-O dxc3 8.
Ba3 Nge7 9. Ng5 O-O 10. Qh5 h6 11. Nxf7 Rxf7 12. Qxf7+ Kh7 13. Rc1 Qg8 14.
Qxg8+ Nxg8 15. Nxc3 Nf6 16. Bb2 Bxc3 17. Rxc3 Nxe4 18. Bd3 d5 19. f3 Bf5 20.
fxe4 dxe4 21. Bb5 Bd7 22. Rd1 Be8 23. Rg3 Bg6 24. Bxc6 bxc6 25. Rd7 Rg8 26.
Rxc7 a6 27. Kf2 a5 28. Rxc6 Bf5 29. Rc7 Bg6 30. Ke3 a4 31. h4 h5 32. Rg5 a3 33.
Bc3 Be8 34. Rgxg7+ Rxg7 35. Rxg7+ Kh6 36. Kxe4 Bc6+ 1-0

[Event "DEM U12/U12w 2015"]
[Site "Willingen GER"]
[Date "2015.05.30"]
[Round "11"]
[White "Müdder, Melanie"]
[Black "Kühne, Maria"]
[Result "1-0"]
[Termination "normal"]
[Board "28"]
[WhiteElo "1511"]
[BlackElo "1401"]
[PlyCount "143"]
[WhiteFideId "12994103"]
[BlackFideId "12997412"]
[EventCountry "GER"]
[EventRounds "11"]
[EventType "swiss"]
[EventDate "2015.05.23"]

1. e4 e5 2. d4 exd4 3. Qxd4 Nc6 4. Qe3 d6 5. Nc3 Nf6 6. Bd2 a6 7. O-O-O Be6 8.
f3 Qe7 9. Nge2 O-O-O 10. Nf4 g6 11. Nxe6 Qxe6 12. Be1 Bg7 13. g4 h5 14. g5 Kb8
15. gxf6 Bh6 16. f4 Qxf6 17. Kb1 Bxf4 18. Nd5 Bxe3 19. Nxf6 Bg5 20. Bc3 Ne5 21.
Bxe5 dxe5 22. Nd5 c6 23. Nc3 Rxd1+ 24. Nxd1 Rd8 25. Be2 Rd2 26. Nc3 b5 27. Rd1
Kc7 28. Rxd2 Bxd2 29. Nd1 Bf4 30. h3 Kd6 31. a3 Kc5 32. c3 a5 33. b4+ axb4 34.
axb4+ Kd6 35. Nb2 Bg3 36. c4 bxc4 37. Nxc4+ Kc7 38. Kc2 f6 39. Kd3 Bf2 40. Na5
Kb6 41. Kc3 Be1+ 42. Kb3 Bf2 43. Nc4+ Kc7 44. Nd2 Kb6 45. Nf3 Bg3 46. h4 Bf4
47. Bc4 g5 48. Bf7 g4 49. Ng1 g3 50. Bxh5 Be3 51. Ne2 g2 52. Bg6 g1=Q 53. Nxg1
Bxg1 54. h5 Be3 55. Kc4 Bg5 56. Be8 Bh6 57. b5 cxb5+ 58. Bxb5 Bf4 59. Be8 Bg5
60. Kd5 Bh6 61. Ke6 Bg5 62. Kf5 Kc7 63. Kg6 Kd8 64. Bb5 Ke7 65. h6 Bxh6 66.
Kxh6 Ke6 67. Bc4+ Kd6 68. Kg6 Ke7 69. Kg7 Kd6 70. Kxf6 Kc5 71. Kxe5 Kxc4 72.
Kd6 1-0

[Event "DEM U12/U12w 2015"]
[Site "Willingen GER"]
[Date "2015.05.30"]
[Round "11"]
[White "Böttner, Oliver"]
[Black "Kublanov, Elizabeth"]
[Result "0-1"]
[Termination "normal"]
[Board "29"]
[WhiteElo "1363"]
[BlackElo "1563"]
[PlyCount "144"]
[WhiteFideId "16208870"]
[BlackFideId "12944564"]
[EventCountry "GER"]
[EventRounds "11"]
[EventType "swiss"]
[EventDate "2015.05.23"]

1. e4 e5 2. Nf3 Nc6 3. Bc4 Bc5 4. d3 Nf6 5. O-O h6 6. Be3 Bb6 7. Nbd2 O-O 8. c3
d6 9. Bb3 Bg4 10. h3 Bh5 11. Re1 d5 12. exd5 Nxd5 13. Qc2 Nxe3 14. fxe3 Re8 15.
d4 exd4 16. exd4 Qf6 17. Rf1 Qf4 18. Kh1 Re7 19. Ne5 Nxd4 20. cxd4 Qxd4 21.
Nef3 Qf4 22. Rae1 Rae8 23. Rxe7 Rxe7 24. Qc4 Qxc4 25. Bxc4 Bc5 26. Re1 Rd7 27.
g4 Bg6 28. a3 Bc2 29. Kg2 c6 30. Kf1 b5 31. Be2 Be3 32. Nb1 a5 33. Nc3 b4 34.
axb4 axb4 35. Na2 b3 36. Nb4 c5 37. Na6 Rd8 38. Bb5 Bd4 39. Nxd4 cxd4 40. Nb4
d3 41. Re8+ Rxe8 42. Nxd3 Bxd3+ 43. Bxd3 Re3 44. Bc4 Rxh3 45. Kg2 Re3 46. Kf2
Re4 47. Bxb3 Rb4 48. Bd5 Rxb2+ 49. Kg3 Rb5 50. Bc4 Rg5 51. Kf4 Kf8 52. Kg3 Ke7
53. Kf3 f5 54. gxf5 Rxf5+ 55. Kg4 Kf6 56. Bd3 Rd5 57. Ba6 g5 58. Be2 Rd4+ 59.
Kg3 Kg6 60. Kf2 h5 61. Kg3 h4+ 62. Kh3 Rb4 63. Bg4 Rxg4 64. Kxg4 Kh6 65. Kh3
Kh5 66. Kh2 Kg4 67. Kg2 h3+ 68. Kh1 Kg3 69. Kg1 Kf3 70. Kh2 g4 71. Kg1 g3 72.
Kh1 g2+ 0-1

[Event "DEM U12/U12w 2015"]
[Site "Willingen GER"]
[Date "2015.05.30"]
[Round "11"]
[White "Buller, Ian Joshua"]
[Black "Gutmann, Anna"]
[Result "1-0"]
[Termination "normal"]
[Board "30"]
[WhiteElo "1491"]
[BlackElo "1303"]
[PlyCount "97"]
[WhiteFideId "12990655"]
[BlackFideId "16208889"]
[EventCountry "GER"]
[EventRounds "11"]
[EventType "swiss"]
[EventDate "2015.05.23"]

1. e4 c5 2. Nf3 g6 3. d4 cxd4 4. Nxd4 Bg7 5. Be3 Nc6 6. Nc3 Nf6 7. f3 O-O 8.
Qd2 d6 9. Bc4 Nxd4 10. Bxd4 Qc7 11. Bb3 Be6 12. Bxe6 fxe6 13. O-O-O Rfc8 14. h4
a5 15. g4 Qc6 16. h5 b5 17. hxg6 hxg6 18. Rh2 b4 19. Ne2 a4 20. Ng3 e5 21. Be3
b3 22. a3 bxc2 23. Rdh1 Kf7 24. Bh6 Rh8 25. Bxg7 Rxh2 26. Rxh2 Kxg7 27. Qxc2
Qb7 28. Kb1 Nd7 29. Qd2 Rh8 30. Rxh8 Kxh8 31. Qh6+ Kg8 32. Qxg6+ Kf8 33. Nf5
Nf6 34. Qg7+ Ke8 35. Nxd6+ exd6 36. Qxb7 Kd8 37. g5 Nd7 38. g6 Ke8 39. Qc8+ Ke7
40. g7 Nf6 41. g8=Q Nxg8 42. Qxg8 Kd7 43. Kc2 Kc7 44. Kc3 Kd7 45. Kc4 Kc7 46.
Kd5 Kd7 47. Qf7+ Kc8 48. Kc6 Kb8 49. Qb7# 1-0